The Theory of Subnormal Operators
Saved in:
| Main Author: | |
|---|---|
| Format: | Book |
| Language: | English |
| Published: |
Providence :
American Mathematical Society,
c1991
|
| Series: | Mathematical surveys and monographs ;
; 36 |
| Subjects: | |
| Tags: |
Add Tag
No Tags, Be the first to tag this record!
|
MARC
| LEADER | 00000nam a2200000 i 4500 | ||
|---|---|---|---|
| 001 | 1/57911 | ||
| 008 | 951204s1991 eng d | ||
| 020 | |a 0-8218-1536-9 | ||
| 035 | |a 1995 |l 10045818 | ||
| 040 | |a GR-MY-UA |b gre |e aacr | ||
| 041 | 0 | |a eng | |
| 082 | 0 | |a 515.7246 | |
| 100 | 1 | |a Conway, John B. | |
| 245 | 1 | 4 | |a The Theory of Subnormal Operators / |c John B. Conway |
| 260 | |a Providence : |b American Mathematical Society, |c c1991 | ||
| 300 | |a 436 p.; |c 26 cm. | ||
| 490 | 1 | |a Mathematical surveys and monographs |v ; 36 | |
| 500 | |a Includes bibliographical references and index | ||
| 650 | 0 | 0 | |a Subnormal operators. |
| 830 | 0 | |a Mathematical surveys and monographs ; |v ; 36 | |
| 852 | |a INST |b SAMOS |e 19951204 |h 515.7246 CON |p 005300004435 |q 005300004435 |t BK |y 0 | ||
| 909 | |a Σ |b 041465 | ||